London government and the welfare services. (Record no. 8238)
[ view plain ]
| 000 -LEADER | |
|---|---|
| fixed length control field | 00867cam a22002771 4500 |
| 001 - CONTROL NUMBER | |
| control field | 8446593 |
| 003 - CONTROL NUMBER IDENTIFIER | |
| control field | OSt |
| 005 - DATE AND TIME OF LATEST TRANSACTION | |
| control field | 20231031092441.0 |
| 008 - FIXED-LENGTH DATA ELEMENTS--GENERAL INFORMATION | |
| fixed length control field | 720515s1963 enkab 001 0 eng |
| 010 ## - LIBRARY OF CONGRESS CONTROL NUMBER | |
| LC control number | 63025217 |
| 015 ## - NATIONAL BIBLIOGRAPHY NUMBER | |
| National bibliography number | GB63-6291 |
| 020 ## - INTERNATIONAL STANDARD BOOK NUMBER | |
| International Standard Book Number | 0415417651 |
| 035 ## - SYSTEM CONTROL NUMBER | |
| System control number | (OCoLC)308028 |
| 040 ## - CATALOGING SOURCE | |
| Original cataloging agency | DLC |
| Transcribing agency | OAU |
| Modifying agency | OCoLC |
| -- | Uk |
| -- | DLC |
| 042 ## - AUTHENTICATION CODE | |
| Authentication code | premarc |
| 050 00 - LIBRARY OF CONGRESS CALL NUMBER | |
| Classification number | HV250.L8 |
| Item number | R8 |
| 100 1# - MAIN ENTRY--PERSONAL NAME | |
| Personal name | Ruck, S. K. |
| 9 (RLIN) | 16830 |
| 245 10 - TITLE STATEMENT | |
| Title | London government and the welfare services. |
| 260 ## - PUBLICATION, DISTRIBUTION, ETC. (IMPRINT) | |
| Place of publication, distribution, etc. | London, |
| Name of publisher, distributor, etc. | Routledge & Paul |
| Date of publication, distribution, etc. | 2007 |
| 300 ## - PHYSICAL DESCRIPTION | |
| Extent | vi, 169 p. |
| Other physical details | map, tables. |
| Dimensions | 23 cm. |
| 500 ## - GENERAL NOTE | |
| General note | At head of title: The Greater London Group. |
| 650 #0 - SUBJECT ADDED ENTRY--TOPICAL TERM | |
| Topical term or geographic name as entry element | Public welfare |
| Geographic subdivision | England |
| -- | London. |
| 9 (RLIN) | 16831 |
| 710 2# - ADDED ENTRY--CORPORATE NAME | |
| Corporate name or jurisdiction name as entry element | London School of Economics and Political Science. |
| Subordinate unit | Greater London Group. |
| 9 (RLIN) | 16832 |
| 906 ## - LOCAL DATA ELEMENT F, LDF (RLIN) | |
| a | 7 |
| b | cbc |
| c | oclcrpl |
| d | u |
| e | ncip |
| f | 19 |
| g | y-gencatlg |
| 942 ## - ADDED ENTRY ELEMENTS (KOHA) | |
| Source of classification or shelving scheme | Dewey Decimal Classification |
| Koha item type | Open Shelf |
| Withdrawn status | Lost status | Source of classification or shelving scheme | Damaged status | Not for loan | Home library | Current library | Date acquired | Source of acquisition | Inventory number | Total Checkouts | Barcode | Date last seen | Price effective from | Koha item type |
|---|---|---|---|---|---|---|---|---|---|---|---|---|---|---|
| Dewey Decimal Classification | MUST Main Library | MUST Main Library | 31/10/2023 | Purchase | 15/39476 | 2023-0705 | 31/10/2023 | 31/10/2023 | Open Shelf |
